00585nam a2200169Ia 4500008004100000020001800041041000800059082001600067100002800083245004100111250000600152260006100158300001400219650003300233999001900266952013000285210716s2010 xx 000 0 und d a9780070145962 aeng a005.73 JOSB aJoshi, Brijendra Kumar. aData structures and algorithms in c. a1 aNew DelhibTata McGraw Hill Publishing Company Ltdc2010 axviii,312 aData Structures & Algorithms c193395d193395 001040708MCAaAIMITbAIMITeKnowledge Worldg410.00l0o005.73 JOSBpMCA12903r2026-05-23 00:00:00v307.50w2021-07-16yBK